Premios Pritzker : (Registro nro. 10114)

Detalles MARC
000 -LEADER
campo de control de longitud fija 01883nam a2200421Mc 4500
003 - IDENTIFICADOR DE NÚMERO DE CONTROL
campo de control PE-LiUPU
005 - FECHA Y HORA DE LA ÚLTIMA TRANSACCIÓN
campo de control 20250731183346.0
008 - DATOS DE LONGITUD FIJA--INFORMACIÓN GENERAL
campo de control de longitud fija 160510s2015 sp a 000 0 spa d
020 ## - NÚMERO INTERNACIONAL ESTÁNDAR DEL LIBRO
Número Internacional Estándar del Libro 8494034391
020 ## - NÚMERO INTERNACIONAL ESTÁNDAR DEL LIBRO
Número Internacional Estándar del Libro 9788494034398
035 ## - NÚMERO DE CONTROL DEL SISTEMA
Número de control de sistema (Sirsi) i9788494034398
040 ## - FUENTE DE CATALOGACIÓN
Centro catalogador/agencia de origen BNM
Lengua de catalogación spa
Normas de descripción rdc
Centro/agencia transcriptor BNM
Centro/agencia modificador PE-LiUPU
041 1# - CÓDIGO DE IDIOMA
Código de lengua del texto/banda sonora o título independiente spa
Código de lengua de las traducciones intermedias eng
Código de lengua original mul
049 ## - FONDOS LOCALES (OCLC)
Biblioteca depositaria PRUA
082 ## - NÚMERO DE LA CLASIFICACIÓN DECIMAL DEWEY
Número de clasificación 720
Cutter P8
Número de edición 20
245 00 - MENCIÓN DEL TÍTULO
Título Premios Pritzker :
Resto del título Discursos de aceptación, 1979-2015 /
Mención de responsabilidad, etc. edición de Rubén A. Alcolea, Héctor García-Diego, Juan M. Ochotorena y Jorge Tárrago ; traducción de Diego Galar.
264 ## - PRODUCCIÓN, PUBLICACIÓN, DISTRIBUCIÓN, FABRICACIÓN Y COPYRIGHT
Producción, publicación, distribución, fabricación y copyright Barcelona :
Nombre del de productor, editor, distribuidor, fabricante Fundación Arquia,
Fecha de producción, publicación, distribución, fabricación o copyright 2015.
300 ## - DESCRIPCIÓN FÍSICA
Extensión 285 páginas :
Otras características físicas ilustraciones ;
Dimensiones 22 centímetros.
336 ## - TIPO DE CONTENIDO
-- ext
Fuente rdacontent
337 ## - TIPO DE MEDIO
-- nmediated
Fuente rdamedia
338 ## - TIPO DE SOPORTE
-- olume
Fuente rdacarrier
490 0# - MENCIÓN DE SERIE
Mención de serie Colección La cimbra
Designación de volumen o secuencia n. 11
505 ## - NOTA DE CONTENIDO CON FORMATO
Nota de contenido con formato El premio Pritzker de arquitectura -- Gracias a la arquitectura: los discursos de aceptación de los premios Pritzker -- Nota previa a la traducción -- Discursos de aceptación Pritzker de arquitectura, 1979-2015 -- El premio Pritzker de Arquitectura.
526 ## - NOTA DE INFORMACIÓN SOBRE EL PROGRAMA DE ESTUDIO
Nombre del programa Maestría Bim Facility Management (A distancia)
526 ## - NOTA DE INFORMACIÓN SOBRE EL PROGRAMA DE ESTUDIO
Nombre del programa
526 ## - NOTA DE INFORMACIÓN SOBRE EL PROGRAMA DE ESTUDIO
Nombre del programa Educación musical y artes
526 ## - NOTA DE INFORMACIÓN SOBRE EL PROGRAMA DE ESTUDIO
Nombre del programa Educación, especialidad educación física
526 ## - NOTA DE INFORMACIÓN SOBRE EL PROGRAMA DE ESTUDIO
Nombre del programa Arquitectura
541 ## - NOTA DE FUENTE DE ADQUISICIÓN DIRECTA
-- 003-001191;
596 ## -
-- 1
650 #7 - PUNTO DE ACCESO ADICIONAL DE MATERIA--TÉRMINO DE MATERIA
Término de materia o nombre geográfico como elemento de entrada Arquitectura
Fuente del encabezamiento o término embne
9 (RLIN) 4555
700 1# - ENTRADA AGREGADA--NOMBRE PERSONAL
Nombre de persona Alcolea, Rubén A.
Término indicativo de función/relación director.
700 1# - ENTRADA AGREGADA--NOMBRE PERSONAL
Nombre de persona Galar, Diego,
Término indicativo de función/relación traductor.
942 ## - ELEMENTOS DE ENTRADA SECUNDARIOS (KOHA)
Fuente del sistema de clasificación o colocación Clasificación Decimal Dewey
Tipo de ítem Koha
949 ## - PROCESAMIENTO DE INFORMACIÓN LOCAL (OCLC)
a 720 P8
w DEWEY
c 1
i 73924
d 2016-10-27
e 2016-10-19
l CCODEBUL1
m BUL
n 1
p 16.59
r 0
s Y
t BOOK
u 2016-6-22
x INGENIERIA
-- P06
0 COMPRA
o .STAFF. Colección General
994 ## -
-- C0
-- PEPRU
999 ## - NÚMEROS DE CONTROL DE SISTEMA (KOHA)
-- DEWEY
-- 73924
-- 2016-10-19
-- 2021-11-9
-- 7
-- CCODEBUL1
-- BUL
-- 1
-- 16.59
-- 0
-- Y
-- BOOK
-- 2016-6-22
-- INGENIERIA
-- P06
-- COMPRA
-- .STAFF. Colección General
980 ## - EQUIVALENCIA O REFERENCIA-CRUZADA-MENCIÓN DE SERIE--NOMBRE DE PERSONA/TÍTULO [LOCAL, CANADÁ]
ID del último usuario que modificó el registro 1
Nombre del último usuario que modificó el registro ALBERTO SANCHEZ Responsable de Automatización
Existencias
Visto por última vez Número de inventario Total de préstamos Signatura topográfica completa Código de barras Fecha del último préstamo Copia número Coste, precio de reemplazo Fecha de reemplazo Facultad Tipo de ítem Koha Nota pública Estado de pérdida Fuente del sistema de clasificación o colocación Restricciones de uso No para préstamo Colección Programa académico Biblioteca de origen Biblioteca actual Ubicación en estantería Fecha de adquisición Fuente de adquisición Coste, precio normal de compra
2025-12-03 8 1 720 P8 73924 2016-10-19 e1 21.59 2016-06-22 FIA Libros físicos inventario-2023-12-13 No Perdido Clasificación Decimal Dewey No restringido Disponible para préstamos Colección General Arquitectura Biblioteca CRAI UPeU Lima Biblioteca CRAI UPeU Lima Sala principal 2016-06-22 COMPRA 16.59